Preismanagement
Saved in:
| Main Author: | |
|---|---|
| Format: | Book |
| Language: | German |
| Published: |
Berlin
Die Wirtschaft
1990
|
| Edition: | 1. Aufl. |
| Series: | Taschenlexikon Marktwirtschaft
|
| Subjects: | |
| Tags: |
No Tags, Be the first to tag this record!
|
MARC
| LEADER | 00000nam a2200000 4500 | ||
|---|---|---|---|
| 001 | c010272 | ||
| 005 | 20221215124800.3 | ||
| 020 | |a 3-349-00837-2 | ||
| 041 | 0 | |a ger | |
| 044 | |a DE | ||
| 245 | 1 | 0 | |a Preismanagement |c Günter Minnich |
| 250 | |a 1. Aufl. | ||
| 264 | 1 | |a Berlin |b Die Wirtschaft |c 1990 | |
| 300 | |a 287 s. | ||
| 490 | 1 | |a Taschenlexikon Marktwirtschaft | |
| 830 | 0 | |a Taschenlexikon Marktwirtschaft | |
| 610 | 2 | 0 | |a ceny |
| 610 | 2 | 0 | |a manažment |
| 610 | 2 | 0 | |a politika cenová |
| 610 | 2 | 0 | |a terminológia |
| 100 | 1 | |a Minnich, Günter | |